|
|
|
|
| LEADER |
00000nab a2200000 a 4500 |
| 001 |
vtls000440237 |
| 003 |
SK-MaSNL |
| 005 |
20260305002908.0 |
| 008 |
230120c1991 xo 0 slo |
| 015 |
|
|
|a SNBRB19rr/mm-uuuuu
|
| 035 |
|
|
|a CL0440367
|
| 035 |
|
|
|a urn:nbn:sk:snk-ab25lv
|
| 035 |
|
|
|a (urnnbn)urn:nbn:sk:snk:ar-a01oyp
|
| 035 |
|
|
|a (uuid)4b971a40-53b0-40c4-9774-542b0f45a1fb
|
| 040 |
|
|
|a SNKBUCL
|b slo
|c SNKBUCL
|e AACR2
|
| 041 |
0 |
|
|a slo
|
| 044 |
|
|
|a xo
|c SK
|
| 080 |
|
|
|a 78.071.20:785.7+785.11
|2 1981
|
| 080 |
|
|
|a 785.7
|2 1981
|
| 080 |
|
|
|a 785.11
|2 1981
|
| 100 |
1 |
|
|a Tarinová, Jana
|4 aut
|9 666510
|
| 245 |
1 |
0 |
|a Nová koncertná sezóna v Žiline
|c Jana Tarinová
|
| 300 |
|
|
|b Fot. 1.
|
| 650 |
0 |
7 |
|a komorná hudba
|2 snkbucl
|9 3431
|
| 650 |
0 |
7 |
|a symfonická hudba
|2 snkbucl
|9 68261
|
| 655 |
|
7 |
|a články z novín a časopisov
|2 snkbucl
|9 267496
|
| 773 |
0 |
|
|t Hudobný život 91
|g Roč. 23, č. 24 (1991), s. 6
|
| 850 |
|
|
|a Slovenská národná knižnica v Martine
|a MTA001
|
| 852 |
|
|
|a SNK
|b KIS3GCP
|
| 954 |
|
|
|a odborná, vedecká literatúra pôvodná (slovenská)
|2 lita
|
| 957 |
|
|
|a 5313
|
| 958 |
|
|
|a OND
|
| 958 |
|
|
|a RK
|
| 958 |
|
|
|a EUIPO
|
| 958 |
|
|
|a article27
|
| 992 |
|
|
|a RBX
|
| 999 |
|
|
|c 3227537
|d 3229467
|